Inkontinens urin : mengapakah wanita lebih berisiko?

Bibliographic Details
Main Author: Dariah Mohd Yusoff
Format: Book
Published: Kuala Lumpur : Dewan Bahasa dan Pustaka , 2019
Subjects:

MARC

LEADER 00000cam a2200000 7i4500
001 0000242511
005 20200907130207.0
020 |a 9789834921415 
090 0 0 |a 616.6   |b DAR 
100 0 |a Dariah Mohd Yusoff 
245 1 0 |a Inkontinens urin :   |b mengapakah wanita lebih berisiko?   |c Dariah Mohd Yusoff 
260 |a Kuala Lumpur :   |b Dewan Bahasa dan Pustaka ,   |c 2019 
300 |a 108p. ;   |c 23cm. 
650 0 |a Government publications   |z Malaysia 
650 0 |a Urinary disorders 
650 0 |a Urinary incontinence 
999 |a 00376894   |b BUKU   |c PINJAMAN   |e PERPUSTAKAAN KOMUNITI CAW BANDAR UTAMA